[Event "Bad Woerishofen Seniors op 19th"]
[Site "Bad Woerishofen"]
[Date "2003.03.17"]
[Round "5"]
[White "Grabarczyk, Erich"]
[Black "Michalowski, Richard"]
[Result "1/2-1/2"]
[WhiteElo "1780"]
[BlackElo "1580"]
[PlyCount "36"]
[EventDate "2003.03.13"]
[EventType "swiss"]
[EventRounds "9"]
[EventCountry "GER"]
[SourceTitle "EXT 2004"]
[Source "ChessBase"]
[SourceDate "2003.11.25"]
[SourceVersion "1"]
[SourceVersionDate "2003.11.25"]
[SourceQuality "1"]

1. e4 d5 2. exd5 Qxd5 3. Nc3 Qa5 4. d4 c6 5. Bd2 Bf5 6. Nf3 Nd7 7. Bc4 e6 8. 0-0 Ngf6 9. Re1 Qc7 10. Ne5 Nb6 11. Bd3 Bg6 12. Bf4 Bd6 13. Qe2 Bxd3 14. cxd3 0-0 15. Ne4 Nxe4 16. dxe4 f6 17. Qg4 Rae8 18. Nd3 e5 1/2-1/2